| 000 | 00695nam a22002297a 4500 | ||
|---|---|---|---|
| 003 | DO-SdBNP | ||
| 005 | 20241024123453.0 | ||
| 008 | 161031b 2007 dr a | 00| 0 spa d | ||
| 020 | _a9789945068436 | ||
| 040 |
_aBPMSU _bspa _cBPMSU |
||
| 082 |
_aRD863.5 _bB142n 2007 _222 |
||
| 100 | 1 |
_aBáez, Rannel _d1963- |
|
| 245 | 1 | 0 |
_aNudos y alfileres : _b(cuentos)/ _cRannel Báez |
| 260 |
_aSanto Domingo : _bSantuario, _c2007. |
||
| 300 |
_a130 p. : _bil. ; _c22 cm. |
||
| 500 | _aIncluye datos biográficos del autor. | ||
| 590 | _aInventariado, 2024/VM | ||
| 650 | 4 | _aCuentos dominicanos | |
| 650 | 4 | _aLiteratura dominicana | |
| 910 | _aVMateo V. Control de calidad. BPMSU | ||
| 942 |
_2ddc _cBK |
||
| 999 |
_c12646 _d12646 |
||